La pervivencia del derecho foral valenciano tras los decretos de nueva planta /

Bibliographic Details
Main Author: Masferrer Domingo, Aniceto
Format: Unknown
Language:Spanish
Published: Madrid : Dykinson, 2008
Subjects:
Online Access:Acceso restringido

MARC

LEADER 00000ny a22000003n 4500
005 20110621180141.0
006 m u
007 cr cn|||||||||
008 200904r2008 sp |||||s|||||||||||spa d
020 |a 9788498493498 
035 |a 2754 
040 |a FlNmELB  |c FlNmELB  |d vlex 
080 |a 347(460.313) 
090 |c 1258  |d 1258 
100 1 |a Masferrer Domingo, Aniceto 
245 1 3 |a La pervivencia del derecho foral valenciano  |h [Recurso electrn̤ico]  |b tras los decretos de nueva planta /  |c Aniceto Masferrer 
256 |a Servicio en ln̕ea 
260 |a Madrid :  |b Dykinson,  |c 2008 
506 1 |a Contenido solo disponible en los productos indicados  |d vLex Global  |d vLex Global (Academic Edition, excluding Law Schools)  |d vLex Global (U.S. Academic Edition, Law Schools)  |d vLex Global (U.S. Academic Edition, excluding Law Schools)  |d vLex Global (Academic Edition, Law Schools) 
650 0 7 |a Derecho foral  |2 Tesauro vLex 
650 0 7 |a Derecho foral de Valencia  |2 Tesauro vLex 
740 0 |a vLex Libros (Servicios en ln̕ea) 
856 4 0 |z Acceso restringido  |u http://vlex.com/source/derecho-foral-valenciano-decretos-nueva-planta-2754 
942 |c BOOK